[Event "FRA-ch op-C"]
[Site "Nancy"]
[Date "2013.08.16"]
[Round "5"]
[White "Bellahcene, Omar"]
[Black "Marsaudon, Eric"]
[Result "1/2-1/2"]
[WhiteElo "1789"]
[BlackElo "1696"]
[PlyCount "69"]
[EventDate "2013.08.11"]
[EventType "swiss"]
[EventRounds "11"]
[EventCountry "FRA"]
[SourceTitle "CBM 156 Extra"]
[Source "ChessBase"]
[SourceDate "2013.10.22"]
[SourceVersion "1"]
[SourceVersionDate "2013.10.22"]
[SourceQuality "1"]

1. e4 g6 2. d4 Bg7 3. Nc3 c6 4. Be3 d6 5. Qd2 h5 6. Bd3 Nf6 7. Nge2 Ng4 8. Bg5 Qc7 9. h3 Nf6 10. f4 e5 11. fxe5 dxe5 12. Rf1 Nbd7 13. dxe5 Qxe5 14. 0-0-0 Qxg5 15. Qxg5 Bh6 16. Qxh6 Rxh6 17. e5 Nd5 18. Nxd5 cxd5 19. e6 fxe6 20. Nf4 Nf8 21. Rde1 Bd7 22. Nxd5 0-0-0 23. Ne7+ Kb8 24. Rf6 Rh8 25. Nxg6 Nxg6 26. Bxg6 h4 27. Be4 Rdf8 28. Ref1 Rxf6 29. Rxf6 Kc7 30. Rf7 b6 31. c4 a6 32. Kd2 a5 33. Ke3 Rh5 34. Bf3 Re5+ 35. Kd3 1/2-1/2

[Event "Saint Affrique op 19th"]
[Site "Saint Affrique"]
[Date "2011.07.26"]
[Round "5"]
[White "Pinel, Jeremy"]
[Black "Marsaudon, Eric"]
[Result "0-1"]
[WhiteElo "1924"]
[BlackElo "1738"]
[PlyCount "96"]
[EventDate "2011.07.23"]
[EventType "swiss"]
[EventRounds "9"]
[EventCountry "FRA"]
[SourceTitle "CBM 143 Extra"]
[Source "ChessBase"]
[SourceDate "2011.08.29"]
[SourceVersion "1"]
[SourceVersionDate "2011.08.29"]
[SourceQuality "1"]

1. e4 d6 2. d4 Nf6 3. Nc3 g6 4. Nf3 Bg7 5. Bc4 0-0 6. Be3 c6 7. a4 Nxe4 8. Nxe4 d5 9. Ned2 dxc4 10. Nxc4 Bg4 11. h3 Bf5 12. c3 Qd5 13. Qe2 Nd7 14. 0-0 f6 15. Rfd1 b5 16. Ncd2 Rfb8 17. a5 Qf7 18. g4 Be6 19. Bf4 Re8 20. Re1 Bd5 21. Ne4 h6 22. Nfd2 f5 23. gxf5 gxf5 24. Ng3 e5 25. dxe5 Nxe5 26. Bxe5 Rxe5 27. Qd3 Rae8 28. Rxe5 Rxe5 29. Nf3 Bxf3 30. Qxf3 f4 31. Ne4 Qg6+ 32. Kf1 Qxe4 33. Qxe4 Rxe4 34. Rd1 Re7 35. Rd8+ Kf7 36. Rc8 f3 37. Rxc6 Bf6 38. Rc5 Rd7 39. Ke1 a6 40. Rc6 Bg5 41. Rxa6 Bd2+ 42. Kd1 Bxc3+ 43. Kc2 Bd4 44. Rxh6 Bxf2 45. Rh5 Kf6 46. Rxb5 Be3 47. Rb8 f2 48. Rf8+ Rf7 0-1